[Event "12th Foxwoods Open 2014"]
[Site "Ledyard USA"]
[Date "2014.01.25"]
[Round "7.5"]
[White "Shabalov,A"]
[Black "Vibbert,Sean"]
[Result "1-0"]
[WhiteElo "2529"]
[BlackElo "2333"]

1.d4 d5 2.c4 c6 3.Nc3 Nf6 4.Nf3 dxc4 5.g3 Nd5 6.Bg2 Nd7 7.O-O Nxc3 8.bxc3 Qa5
9.Qc2 g6 10.a4 Bg7 11.Ba3 c5 12.Nd2 O-O 13.Nxc4 Qa6 14.Ne3 Rb8 15.Rfd1 Kh8
16.a5 cxd4 17.cxd4 Nf6 18.Bxe7 Re8 19.Bc5 Bd7 20.Nc4 Bf5 21.Qa2 Nd7 22.Nd6 Be6
23.d5 Nxc5 24.Nxe8 Rxe8 25.dxe6 Nxe6 26.Qa4 Re7 27.Ra2 Bf6 28.e3 Kg7 29.Bf1 Qc6
30.Qxc6 bxc6 31.a6 c5 32.Rad2 Nf8 33.Rb1 Bc3 34.Rb7 Kf6 35.Rd6+ Ne6 36.Rdd7 Re8
37.Rxf7+ Kg5 38.f4+  1-0

[Event "12th Foxwoods Open 2014"]
[Site "Ledyard USA"]
[Date "2014.01.26"]
[Round "8.4"]
[White "Sevian,Samuel"]
[Black "Shabalov,A"]
[Result "1-0"]
[WhiteElo "2401"]
[BlackElo "2529"]

1.e4 Nf6 2.e5 Nd5 3.c4 Nb6 4.d4 d6 5.exd6 cxd6 6.Nc3 g6 7.Be3 Bg7 8.Rc1 O-O
9.b3 f5 10.Qd2 e6 11.Nf3 Nc6 12.Bg5 Qe8 13.Nb5 Qd7 14.c5 dxc5 15.dxc5 Nd5
16.Bc4 b6 17.O-O bxc5 18.Bxd5 exd5 19.Rxc5 d4 20.Rfc1 Bb7 21.Bf4 Rad8 22.Qc2 Ne7
23.Ne5 Qe6 24.Nc7 Qf6 25.Qc4+ Kh8 26.Nd3 Qh4 27.f3 Bf6 28.Re1 Rd7 29.Bg3 Qh6
30.Ne5 f4 31.Nxd7 fxg3 32.hxg3 Bxf3 33.Nxf6 Qd2 34.Qf1 Nf5 35.gxf3 Rxf6 36.Qf2 Qb4
37.Rc4 Qb7 38.Re8+ Kg7 39.Ne6+ Kf7 40.Rc7+  1-0

[Event "8th Philadelphia Open 2014"]
[Site "Philadelphia USA"]
[Date "2014.04.16"]
[Round "1"]
[White "Hughes,John L"]
[Black "Shabalov,A"]
[Result "1/2-1/2"]
[WhiteElo "2200"]
[BlackElo "2501"]

1.e4 c5 2.Nf3 d6 3.Bc4 Nf6 4.d3 e6 5.Bb3 Be7 6.O-O O-O 7.c3 b5 8.Re1 Bb7
9.Nbd2 Nbd7 10.Bc2 Re8 11.Nf1 Bf8 12.Ng3 e5 13.d4 d5 14.dxe5 Nxe4 15.Nxe4 dxe4
16.Bxe4 Bxe4 17.Rxe4 Nxe5 18.Bf4 Ng6 19.Rxe8 Qxe8 20.Be3 Rd8 21.Qc2 Qd7 22.a4 a6
23.axb5 axb5 24.h3 h6  1/2-1/2

[Event "8th Philadelphia Open 2014"]
[Site "Philadelphia USA"]
[Date "2014.04.17"]
[Round "2"]
[White "Shabalov,A"]
[Black "Hilby,Craig"]
[Result "1-0"]
[WhiteElo "2501"]
[BlackElo "2181"]

1.d4 Nf6 2.c4 e6 3.Nf3 c5 4.d5 exd5 5.cxd5 d6 6.Nc3 g6 7.Nd2 Bg7 8.Nc4 O-O
9.Bg5 h6 10.Bf4 Ne8 11.h4 b6 12.a4 Ba6 13.Nb5 Nd7 14.Qd2 Bxb5 15.axb5 Kh7
16.e4 Qe7 17.Bd3 f5 18.O-O fxe4 19.Rfe1 Ndf6 20.Bg3 Rd8 21.Bc2 Rd7 22.Ra3 h5
23.Qd1 Bh6 24.f3 Ng7 25.fxe4 Ng4 26.e5 Bf4 27.Qd3 Nf5 28.Bxf4 Qxh4 29.Rf1 Rdf7
30.Nxd6 Ng3 31.Qxg3 Rxf4 32.Rxf4  1-0

[Event "8th Philadelphia Open 2014"]
[Site "Philadelphia USA"]
[Date "2014.04.17"]
[Round "3"]
[White "Shetty,A"]
[Black "Shabalov,A"]
[Result "0-1"]
[WhiteElo "2313"]
[BlackElo "2501"]

1.c4 f5 2.g3 Nf6 3.Bg2 g6 4.Nc3 Bg7 5.d3 O-O 6.e3 Nc6 7.Nge2 b6 8.O-O Bb7
9.b3 Na5 10.Bb2 Bxg2 11.Kxg2 c6 12.Rc1 Nb7 13.Qd2 Nd6 14.d4 Qe8 15.d5 c5
16.Qc2 e5 17.dxe6 dxe6 18.Rfd1 Qc6+ 19.Kg1 Ng4 20.Nf4 Nf7 21.Qd3 g5 22.Nh3 Nfe5
23.Qd6 Nf3+ 24.Kh1 Qe8 25.Kg2 Nge5 26.Nb5 Nf7 27.Bxg7 Nxd6 28.Bxf8 Nxb5 29.cxb5 Kxf8  0-1

[Event "8th Philadelphia Open 2014"]
[Site "Philadelphia USA"]
[Date "2014.04.18"]
[Round "4"]
[White "Shabalov,A"]
[Black "Sevian,Samuel"]
[Result "1-0"]
[WhiteElo "2501"]
[BlackElo "2438"]

1.d4 d5 2.c4 e6 3.Nf3 Nf6 4.Bg5 c6 5.Qc2 h6 6.Bxf6 Qxf6 7.Nbd2 Nd7 8.g3 g6
9.Bg2 Bg7 10.O-O O-O 11.e4 dxe4 12.Nxe4 Qd8 13.Rad1 Qc7 14.c5 e5 15.Nd6 exd4
16.Nxd4 Nf6 17.h3 Ne8 18.Ne2 Be5 19.Qd2 Be6 20.Nf4 Bxa2 21.Rfe1 Bxf4 22.Qxf4 Rd8
23.Rd4 Nxd6 24.cxd6 Qb6 25.b4 c5 26.bxc5 Qxc5 27.Re5 Qb6 28.Re7 Qc5 29.Re5 Qb6
30.Qd2 Be6 31.Rh4 h5 32.Rhxh5 Qb1+ 33.Kh2 gxh5 34.Be4 Qxe4 35.Rxe4 Bf5 36.Re7 b5
37.g4 hxg4 38.hxg4 Bh7 39.f4 b4 40.Qxb4 Rb8 41.Rb7 a5 42.Qb5 Rbd8 43.Qg5+ Bg6
44.d7 a4 45.f5 Kg7 46.f6+ Kh8 47.Qh6+  1-0

[Event "8th Philadelphia Open 2014"]
[Site "Philadelphia USA"]
[Date "2014.04.18"]
[Round "5"]
[White "Oleksienko,M"]
[Black "Shabalov,A"]
[Result "1/2-1/2"]
[WhiteElo "2618"]
[BlackElo "2501"]

1.d4 Nf6 2.c4 g6 3.Nf3 Bg7 4.g3 O-O 5.Bg2 d5 6.cxd5 Nxd5 7.O-O Nb6 8.Nc3 Nc6
9.e3 Be6 10.Re1 a5 11.Ne4 Qc8 12.Nc5 Bg4 13.Qc2 Rd8 14.Ng5 h6 15.Nge4 e5
16.f3 Bf5 17.dxe5 Nxe5 18.Qe2 a4 19.f4 Nec4 20.Nf2 a3 21.Bxb7 Qb8 22.Bxa8 Qxa8
23.e4 axb2 24.Bxb2 Rd2 25.Bxg7 Rxe2 26.Rxe2 Kxg7 27.exf5 gxf5 28.Rae1 Nd5
29.Ncd3 Qa7 30.Ne5 Nce3 31.a4 h5 32.h4 Qc5 33.a5 Qa3 34.Kh2 c5 35.Nd1 Ng4+
36.Nxg4 hxg4 37.Ne3 Nxe3 38.Rxe3 Qxa5 39.R1e2 Kg6 40.Rc2 f6 41.Rec3 Qd8 42.Rxc5 Qd3
43.Rg2 Qd7 44.Ra5 Qd3 45.Rga2  1/2-1/2

[Event "8th Philadelphia Open 2014"]
[Site "Philadelphia USA"]
[Date "2014.04.19"]
[Round "7"]
[White "Shabalov,A"]
[Black "Panchanathan,M"]
[Result "1-0"]
[WhiteElo "2501"]
[BlackElo "2557"]

1.d4 Nf6 2.c4 e6 3.Nf3 b6 4.Nc3 Bb4 5.Qb3 Qe7 6.Bg5 Bb7 7.Bh4 a5 8.a3 Bxc3+
9.Qxc3 Ne4 10.Qe3 f6 11.Nd2 Nd6 12.Qd3 Nf5 13.Bg3 Nxg3 14.hxg3 f5 15.g4 Nc6
16.gxf5 exf5 17.d5 Ne5 18.Qxf5 O-O-O 19.f4 Nf7 20.O-O-O Rde8 21.e4 Nd6 22.Qh3 Nxe4
23.Re1 Bxd5 24.Bd3 Qf7 25.cxd5 Nf2 26.Qf3 Nxh1 27.Rxh1 Qf6 28.Ne4 Qd4 29.Rd1 Kb8
30.Bc2 Qc4 31.b3 Qb5 32.Kb2 Rhf8 33.Rd4 Qa6 34.g3 h6 35.b4 axb4 36.Rxb4 Qa5
37.Qb3  1-0

[Event "8th Philadelphia Open 2014"]
[Site "Philadelphia USA"]
[Date "2014.04.20"]
[Round "8"]
[White "Chirila,I"]
[Black "Shabalov,A"]
[Result "1-0"]
[WhiteElo "2520"]
[BlackElo "2501"]

1.d4 Nf6 2.c4 g6 3.Nc3 Bg7 4.e4 d6 5.Be2 O-O 6.Bg5 Na6 7.f4 c6 8.Qd2 Nc7
9.Bf3 Rb8 10.Nge2 b5 11.e5 Nfe8 12.cxb5 cxb5 13.Rc1 Ne6 14.Bh4 g5 15.fxg5 dxe5
16.d5 Nd4 17.Nxd4 exd4 18.Ne2 Nd6 19.b3 e5 20.dxe6 Bxe6 21.O-O Nf5 22.Bf2 Qe7
23.Be4 Rfd8 24.Qd3 Ne3 25.Bxe3 dxe3 26.Qxe3 Qb4 27.Rfd1 Qa5 28.Nf4 Rxd1+
29.Rxd1 Rd8 30.Bd5 Bg4 31.Rf1 Qc7 32.h3 Bf5 33.Nh5 Rxd5 34.Qe8+ Bf8 35.Nf6+ Kg7
36.Nxd5 Qc5+ 37.Ne3 Be6 38.Rf3 Qc1+ 39.Nf1 Bc5+ 40.Kh1 Qd1 41.Qxb5 Qd4 42.Ne3  1-0

[Event "8th Philadelphia Open 2014"]
[Site "Philadelphia USA"]
[Date "2014.04.20"]
[Round "9"]
[White "Dobrov,V"]
[Black "Shabalov,A"]
[Result "1-0"]
[WhiteElo "2511"]
[BlackElo "2501"]

1.d4 Nf6 2.c4 g6 3.g3 Bg7 4.Bg2 O-O 5.Nc3 d6 6.Nf3 a6 7.O-O Nc6 8.Qd3 Nd7
9.e4 e5 10.Bg5 f6 11.Be3 f5 12.exf5 gxf5 13.dxe5 dxe5 14.Ng5 Nd4 15.c5 Nxc5
16.Qc4+ Nce6 17.Bd5 Re8 18.Bxd4 Qxg5 19.f4 exf4 20.Bxg7 Qxg7 21.Rae1 Qf7
22.Ne4 c6 23.Nd6 cxd5 24.Qd3 Qe7 25.Nxe8 Bd7 26.Qxd5 Rxe8 27.Rxf4 Qd8 28.Rd4  1-0

[Event "23rd Chicago Open 2014"]
[Site "Wheeling USA"]
[Date "2014.05.22"]
[Round "1.16"]
[White "Liang,Awonder"]
[Black "Shabalov,A"]
[Result "1/2-1/2"]
[WhiteElo "2215"]
[BlackElo "2506"]

1.e4 g6 2.d4 Bg7 3.Nf3 d6 4.Nc3 a6 5.Bd3 b5 6.O-O Bb7 7.Be3 Nd7 8.a4 b4 9.Na2 a5
10.c3 Ngf6 11.Nd2 c5 12.Nc1 O-O 13.Ncb3 bxc3 14.bxc3 c4 15.Bxc4 Nxe4 16.Nxe4 Bxe4
17.Bb5 d5 18.Qd2 Nb6 19.Nc5 Bf5 20.Bf4 Nc4 21.Qe2 e5 22.dxe5 Qc7 23.Bxc4 dxc4
24.Ne4 Rae8 25.Qf3 Bxe4 26.Qxe4 Bxe5 27.Bxe5 Rxe5 28.Qf4 Rfe8  1/2-1/2

[Event "23rd Chicago Open 2014"]
[Site "Wheeling USA"]
[Date "2014.05.23"]
[Round "2.22"]
[White "Shabalov,A"]
[Black "Ni,V"]
[Result "1-0"]
[WhiteElo "2506"]
[BlackElo "2206"]

1.e4 c5 2.Nf3 e6 3.b3 d6 4.Bb2 Nf6 5.Bd3 Nc6 6.O-O e5 7.Re1 Bg4 8.c3 Be7
9.Na3 O-O 10.Nc2 d5 11.exd5 Qxd5 12.Bb5 Bxf3 13.Qxf3 e4 14.Qe2 Ne5 15.d4 Ng6
16.Rad1 a6 17.Bc4 Qf5 18.dxc5 Bxc5 19.Ne3 Qg5 20.Bc1 Nf4 21.Qc2 b5 22.Bf1 Bxe3
23.Bxe3 Ng4 24.Bc1 Rac8 25.Rxe4 Qf5 26.Bxf4 Nf6 27.Rde1 Nxe4 28.Rxe4 Rxc3
29.Qxc3 Qxe4 30.g3 h6 31.Qd2 Rc8 32.h4 Qb1 33.Kg2 Qe4+ 34.Kg1 Qb1 35.h5 Re8
36.Be3 Qf5 37.Be2 Qh3 38.Qd5 Rxe3 39.fxe3 Qxg3+ 40.Kf1 Qh3+ 41.Kf2 Qh2+ 42.Ke1 Qg1+
43.Kd2  1-0

[Event "23rd Chicago Open 2014"]
[Site "Wheeling USA"]
[Date "2014.05.23"]
[Round "3.14"]
[White "Mena Crespo,C"]
[Black "Shabalov,A"]
[Result "0-1"]
[WhiteElo "2311"]
[BlackElo "2506"]

1.Nf3 c5 2.b3 d5 3.e3 a6 4.c4 d4 5.exd4 cxd4 6.g3 g6 7.b4 Bg7 8.d3 Nc6 9.Qb3 Nf6
10.Bg2 Qd6 11.Ba3 Qe6+ 12.Kf1 O-O 13.Nbd2 Re8 14.Re1 Qf5 15.Bb2 e5 16.h3 h5
17.Kg1 Bd7 18.Kh2 b5 19.Re2 Rab8 20.a3 Na5 21.Qd1 bxc4 22.dxc4 Nc6 23.Nh4 Qe6
24.Rhe1 e4 25.Nxe4 Nxe4 26.Rxe4 Qxc4 27.Rxe8+ Rxe8 28.Rxe8+ Bxe8 29.Nf3 Bd7
30.Qc1 Qe2 31.Qd2 d3 32.Bxg7 Kxg7 33.Qc3+ Kg8 34.Ng1 Qc2 35.Qxc2 dxc2 36.Ne2 Nd4
37.Nc1 Bb5 38.Be4 f5 39.Bd3 Kf7 40.g4 h4 41.gxf5 gxf5  0-1

[Event "23rd Chicago Open 2014"]
[Site "Wheeling USA"]
[Date "2014.05.24"]
[Round "4.3"]
[White "Shabalov,A"]
[Black "Sargissian,G"]
[Result "0-1"]
[WhiteElo "2506"]
[BlackElo "2684"]

1.d4 Nf6 2.c4 e6 3.Nf3 d5 4.g3 Bb4+ 5.Bd2 Be7 6.Bg2 O-O 7.O-O c6 8.Qc2 Nbd7
9.Rd1 b6 10.Bf4 Bb7 11.Ne5 Nh5 12.Bc1 Nhf6 13.Nc3 Nxe5 14.dxe5 Ng4 15.e4 Bc5
16.exd5 cxd5 17.Ne4 dxe4 18.Rxd8 Raxd8 19.Bg5 Rd3 20.Rf1 h6 21.Bf4 Rfd8 22.b4 Bxf2+
23.Rxf2 e3 24.Re2 Bxg2 25.Kxg2 Rd2 26.Kf3 Rxc2 27.Rxc2 Rd2 28.Rc3 h5 29.h3 Rf2+
30.Ke4 e2 31.Bd2 Nh6 32.Ke3 Rh2 33.c5 bxc5 34.bxc5 Nf5+ 35.Kd3 Rxh3 36.Kxe2 Rxg3
37.Rc1 Nd4+  0-1

[Event "23rd Chicago Open 2014"]
[Site "Wheeling USA"]
[Date "2014.05.24"]
[Round "5.16"]
[White "Gauri,S"]
[Black "Shabalov,A"]
[Result "0-1"]
[WhiteElo "2280"]
[BlackElo "2506"]

1.c4 c5 2.Nc3 Nc6 3.g3 g6 4.Bg2 Bg7 5.a3 d6 6.Rb1 a5 7.Nf3 e5 8.d3 Nge7 9.O-O h6
10.Ne1 Be6 11.Nd5 Rb8 12.a4 O-O 13.Nc2 f5 14.f4 Nb4 15.Ncxb4 axb4 16.b3 Nxd5
17.cxd5 Bd7 18.fxe5 dxe5 19.Be3 Rc8 20.Rc1 b6 21.a5 f4 22.gxf4 exf4 23.Bxf4 bxa5
24.e4 Qh4 25.Bg3 Qg5 26.Qe2 Bg4 27.Qc2 h5 28.Bd6 Qe3+ 29.Kh1 Rxf1+ 30.Rxf1 h4
31.Bf4 Qe2 32.Qxe2 Bxe2 33.Re1 Bxd3 34.e5 Rf8 35.Bg5 Rf5 36.Be7 Rxe5 37.Rxe5 Bxe5
38.d6 Bf5 39.Bc6 Kf7 40.Bd5+ Be6 41.Be4 Bf6  0-1

[Event "23rd Chicago Open 2014"]
[Site "Wheeling USA"]
[Date "2014.05.25"]
[Round "6.6"]
[White "Shabalov,A"]
[Black "Erenburg,S"]
[Result "1/2-1/2"]
[WhiteElo "2506"]
[BlackElo "2633"]

1.d4 d5 2.c4 c6 3.Nf3 Nf6 4.Nbd2 Bf5 5.Nh4 Be6 6.e3 g6 7.b3 Bg7 8.Bb2 Ne4
9.Bd3 Qa5 10.Bxe4 dxe4 11.Qc2 Bf6 12.Qxe4 Na6 13.a3 O-O 14.b4 Qa4 15.Rc1 b5
16.Nhf3 c5 17.Qc2 cxb4 18.Qxa4 bxa4 19.Ne4 Bg7 20.Ke2 Rfc8 21.Nfd2 Rab8 22.Rc2 h6
23.f4 Bg4+ 24.Kf2 Bf5 25.Ra1 g5 26.g3 Rb6 27.fxg5 hxg5 28.Rcc1 Rh6 29.h3 Rxh3
30.Kg2 Rh6 31.Nxg5 Rh5 32.Ngf3 Nc5 33.axb4 Nd3 34.Rcb1 Nxb4 35.e4 Bh3+ 36.Kf2 Bd7
37.Bc3 Nd3+ 38.Ke3 Nc5 39.Ra3 Bh6+ 40.Ke2 Nb3 41.Nxb3 axb3 42.Rxa7 Rxc4 43.Rxb3 Rb5
44.Kd3 Rc8 45.Rba3 Bh3 46.Ra8 Bf1+ 47.Kc2 Rbb8 48.Rxb8 Rxb8 49.Bd2 Rc8+  1/2-1/2

[Event "23rd Chicago Open 2014"]
[Site "Wheeling USA"]
[Date "2014.05.25"]
[Round "7.10"]
[White "Priyadharshan,K"]
[Black "Shabalov,A"]
[Result "1-0"]
[WhiteElo "2420"]
[BlackElo "2506"]

1.e4 c5 2.Nf3 d6 3.Bb5+ Nd7 4.O-O Nf6 5.Re1 a6 6.Bd3 Ne5 7.Nxe5 dxe5 8.b3 e6
9.Bb2 Nd7 10.a4 b6 11.Na3 Be7 12.Nc4 Qc7 13.Qh5 g6 14.Bxe5 Nxe5 15.Qxe5 Qxe5
16.Nxe5 Bf6 17.Nc4 Bxa1 18.Nxb6 Bf6 19.Nxa8 Bd8 20.a5 Bxa5 21.Ra1 Bxd2 22.Bxa6 Bc3
23.Bb5+ Bd7 24.Ra7  1-0